| 000 | 00963nam a2200289 a 4500 | ||
|---|---|---|---|
| 001 | 7242 | ||
| 003 | BD-RjUL | ||
| 005 | 20211208234402.0 | ||
| 008 | 160831s1969 enka b 001 0 eng | ||
| 020 | _a0416128505 | ||
| 035 | _a(BD-RjUL)7284 | ||
| 040 |
_aDLC _cDLC _dBD-RjUL _beng |
||
| 041 | _aeng | ||
| 082 | 0 | 0 |
_a368 _bBER 1969 _223 |
| 100 | 1 |
_aBeard, R. E. _q(Robert Eric) _920411 |
|
| 245 | 1 | 0 |
_aRisk theory / _cR. E. Beard, T. Pentikäinen [and] E. Pesonen |
| 260 |
_aLondon : _bMethuen, _cc1969. |
||
| 300 |
_axiv, 191 p. : _bill. ; _c22 cm. |
||
| 490 | 0 | _aMethuen's monographs on applied probability and statistics | |
| 500 | _a"Distributed in the U.S.A. by Barnes & Noble, New York." | ||
| 504 | _aInclude bibliography and index. | ||
| 650 | 0 |
_aInsurance _xMathematics. _915093 |
|
| 650 | 0 |
_aRisk (Insurance) _916093 |
|
| 700 | 1 |
_aPentikäinen, Teivo, _ejoint author. _920412 |
|
| 700 | 1 |
_aPesonen, E. _q(Erkki), _ejoint author. _920413 |
|
| 942 |
_2ddc _cBK |
||
| 999 |
_c7242 _d7242 |
||